| 000 | 00370nam a2200121Ia 4500 | ||
|---|---|---|---|
| 008 | 240731s9999 xx 000 0 und d | ||
| 022 | _a1743-9779 | ||
| 245 | 4 | _aThe Journal of Positive Psychology : Dedicated to furthering research and promoting good practice | |
| 260 | _bRoutledge | ||
| 856 | _uhttps://www.tandfonline.com/loi/rpos20 | ||
| 942 | _2ddc | ||
| 942 | _cTFEJ | ||
| 999 |
_c80010 _d80010 |
||
| 945 |
_a1 _bMadushi Gamage _c1 _dMadushi Gamage |
||